[Event "2. Wittelsbacher Weihnachts-Schach-Open"]
[Site "Kelheim"]
[Date "2013.12.27"]
[Round "1.1"]
[White "Belz, Frank-Martin"]
[Black "Krivoborodov, Egor"]
[Result "0-1"]
[WhiteElo "2002"]
[BlackElo "2500"]
[PlyCount "102"]
[EventDate "2013.??.??"]
[WhiteTeam "SK Freising"]
[BlackTeam "SC Garching 1980 e.V."]

1. Nf3 d5 2. c4 c6 3. g3 Nf6 4. Bg2 Bg4 5. Ne5 Be6 6. cxd5 Bxd5 7. Nf3 c5 8.
Nc3 Bc6 9. O-O e6 10. d4 Nbd7 11. Be3 cxd4 12. Bxd4 Be7 13. e4 O-O 14. e5 Nd5
15. Re1 Nxc3 16. Bxc3 Nb6 17. Rc1 Rc8 18. Ba5 Bd5 19. a3 Qd7 20. Qd4 Nc4 21.
Bc3 Bc5 22. Qh4 h6 23. Red1 Qc6 24. Ne1 Bxg2 25. Nxg2 Qf3 26. Rf1 b5 27. Qf4
Qb7 28. Ne1 Rfd8 29. Qf3 Qb6 30. Nd3 Be7 31. h4 a5 32. Rfd1 b4 33. axb4 axb4
34. Be1 Qb5 35. b3 Na5 36. Rxc8 Rxc8 37. Qe4 Rd8 38. Nb2 Rxd1 39. Nxd1 Nxb3 40.
Qa8+ Bf8 41. Qe4 Nc1 42. Nb2 Ne2+ 43. Kh2 Nc3 44. Qd4 Nd5 45. Nc4 b3 46. Nd6
Qa6 47. Bc3 Nxc3 48. Qxc3 Qe2 49. Qxb3 Qxf2+ 50. Kh3 Qf1+ 51. Kg4 Bxd6 0-1

[Event "2. Wittelsbacher Weihnachts-Schach-Open"]
[Site "Kelheim"]
[Date "2013.12.27"]
[Round "1.2"]
[White "Berchtenbreiter, Maximilian"]
[Black "Seidenschwarz, Holger"]
[Result "1-0"]
[WhiteElo "2410"]
[BlackElo "1982"]
[PlyCount "69"]
[EventDate "2013.??.??"]
[WhiteTeam "SG Pang-Rosenheim 1910 e.V."]
[BlackTeam "SC 1947 Beilngries"]

1. d4 d5 2. c4 c6 3. Nf3 Nf6 4. Nc3 dxc4 5. a4 Bf5 6. Ne5 e6 7. e3 Nbd7 8. Nxc4
Bb4 9. Be2 O-O 10. O-O Nb6 11. Ne5 Nfd7 12. e4 Bg6 13. Nxg6 hxg6 14. a5 Nc8 15.
Qb3 Bxc3 16. bxc3 b6 17. axb6 Ncxb6 18. Ba3 Re8 19. c4 e5 20. c5 Nc8 21. d5 Nf6
22. d6 Qd7 23. Ba6 Nxe4 24. Qb7 Rd8 25. Rfe1 Ncxd6 26. cxd6 Nxd6 27. Bxd6 Qxd6
28. Bc4 Qd7 29. Qxd7 Rxd7 30. Rxe5 Rb8 31. g3 Rb2 32. Re8+ Kh7 33. Rf8 f6 34.
Bg8+ Kh6 35. Be6 1-0

[Event "2. Wittelsbacher Weihnachts-Schach-Open"]
[Site "Kelheim"]
[Date "2013.12.27"]
[Round "1.3"]
[White "Meulner, Fabian"]
[Black "Kreuzer, Martin"]
[Result "0-1"]
[WhiteElo "1901"]
[BlackElo "2340"]
[PlyCount "86"]
[EventDate "2013.??.??"]
[WhiteTeam "SW Nürnberg Süd e.V."]
[BlackTeam "SK Kelheim 1920"]

1. d4 d5 2. Nc3 Nf6 3. Bg5 Bf5 4. f3 h6 5. Bxf6 gxf6 6. e4 dxe4 7. fxe4 Bh7 8.
Bc4 e6 9. Nf3 Nd7 10. Qe2 Nb6 11. Bb5+ c6 12. Bd3 Qc7 13. O-O O-O-O 14. a4 Kb8
15. a5 Nc8 16. Kh1 Ne7 17. Qf2 Bg7 18. Ne2 f5 19. Ng3 fxe4 20. Nxe4 Nd5 21. Nc5
Bxd3 22. cxd3 Bf8 23. a6 Bxc5 24. dxc5 Nb4 25. d4 Nxa6 26. Ne5 Rhf8 27. b4 Rd5
28. Rfb1 Rfd8 29. Nf3 Qf4 30. Qe2 Nc7 31. Qa2 Nb5 32. Rf1 f6 33. Qa5 Qc7 34.
Qa2 Qd7 35. Rfe1 a6 36. Qa5 Nxd4 37. Nxd4 Rxd4 38. b5 cxb5 39. Qb6 Qc6 40. Qxc6
bxc6 41. Rxa6 Rd1 42. Ra1 Rxa1 43. Rxa1 Rd5 0-1

[Event "2. Wittelsbacher Weihnachts-Schach-Open"]
[Site "Kelheim"]
[Date "2013.12.27"]
[Round "1.4"]
[White "Maier, Alexander"]
[Black "Schultes, Christoph"]
[Result "1-0"]
[WhiteElo "2297"]
[BlackElo "2028"]
[PlyCount "81"]
[EventDate "2013.??.??"]
[WhiteTeam "SK Ingolstadt"]
[BlackTeam "SK Landau-Dingolfing"]

1. e4 c5 2. Nf3 Nc6 3. Bb5 g6 4. O-O Bg7 5. c3 Nf6 6. d4 cxd4 7. cxd4 d5 8. Ne5
Bd7 9. Nxd7 Qxd7 10. e5 Ng8 11. Nc3 e6 12. Na4 Nge7 13. Nc5 Qc7 14. Bg5 a6 15.
Bxe7 Kxe7 16. Bxc6 Qxc6 17. Rc1 Rhc8 18. Qd2 Qb6 19. Rc3 Qa7 20. Rfc1 Rc6 21.
Qg5+ Kf8 22. Qh4 Kg8 23. Nd7 Rac8 24. Rc5 Rxc5 25. Rxc5 Qa8 26. b4 Rxc5 27.
bxc5 Qe8 28. Nf6+ Bxf6 29. exf6 h5 30. Qf4 Qd8 31. h3 Kh7 32. g4 hxg4 33. hxg4
Kg8 34. Kg2 Kh7 35. Kg3 Kg8 36. Kh4 Kf8 37. Qh6+ Ke8 38. Qg7 Kd7 39. Qxf7+ Kc8
40. Qxe6+ Kb8 41. Qd6+ 1-0

[Event "2. Wittelsbacher Weihnachts-Schach-Open"]
[Site "Kelheim"]
[Date "2013.12.27"]
[Round "1.5"]
[White "Schwenck, Mathias"]
[Black "Gießmann, Stephan"]
[Result "0-1"]
[WhiteElo "1920"]
[BlackElo "2259"]
[PlyCount "46"]
[EventDate "2013.??.??"]
[WhiteTeam "SC Moosburg 1956 e.V."]
[BlackTeam "SK Kelheim 1920"]

1. d4 d5 2. c4 e6 3. Nc3 c5 4. cxd5 exd5 5. Nf3 Nc6 6. g3 Nf6 7. Bg2 Be7 8. O-O
O-O 9. Bg5 cxd4 10. Nxd4 h6 11. Bxf6 Bxf6 12. Nxc6 bxc6 13. Qc2 Rb8 14. Rfd1
Qa5 15. Rac1 Re8 16. e3 Bg4 17. Rd2 g6 18. Bf1 Bg7 19. b3 Rbd8 20. Be2 Bf5 21.
Bd3 Bxc3 22. Qxc3 Qxc3 23. Rxc3 d4 0-1

[Event "2. Wittelsbacher Weihnachts-Schach-Open"]
[Site "Kelheim"]
[Date "2013.12.27"]
[Round "1.6"]
[White "Ziegler, Michael"]
[Black "Weigert, Wilhelm"]
[Result "1/2-1/2"]
[WhiteElo "2171"]
[BlackElo "2021"]
[PlyCount "104"]
[EventDate "2013.??.??"]
[WhiteTeam "SC Prichsenstadt"]
[BlackTeam "SK Kelheim 1920"]

1. d4 Nf6 2. Nf3 c5 3. c4 g6 4. g3 Bg7 5. Bg2 O-O 6. O-O cxd4 7. Nxd4 Nc6 8.
Nc3 Nxd4 9. Qxd4 d6 10. Qd3 Ng4 11. b3 Qa5 12. Bd2 Qh5 13. h4 Qc5 14. Rac1 Bf5
15. Qd5 Rab8 16. Qxc5 dxc5 17. Nd5 Rfe8 18. Bc3 e6 19. Nc7 Re7 20. Bxg7 Kxg7
21. Nb5 e5 22. Rfd1 Nf6 23. Rd2 a6 24. Nc3 Be6 25. Na4 Rc7 26. Nb6 Nd7 27. Nxd7
Rxd7 28. Rxd7 Bxd7 29. Rd1 Be6 30. Rd6 b6 31. Rc6 h6 32. Be4 g5 33. hxg5 hxg5
34. f3 Bd7 35. Rd6 Be8 36. Bd5 Kf8 37. Kf2 Ke7 38. Rh6 Bd7 39. Ke3 Bf5 40. Be4
Be6 41. Bd5 Bf5 42. Kd2 Bg6 43. Kc3 b5 44. a3 b4+ 45. axb4 cxb4+ 46. Kb2 a5 47.
Rh1 Rc8 48. Ra1 Rc5 49. e4 Kd6 50. Rd1 Ke7 51. Rh1 Rc8 52. Rd1 Rc7 1/2-1/2

[Event "2. Wittelsbacher Weihnachts-Schach-Open"]
[Site "Kelheim"]
[Date "2013.12.27"]
[Round "1.7"]
[White "Seitner, Ralf"]
[Black "Eibl, Maximilian"]
[Result "1-0"]
[WhiteElo "1902"]
[BlackElo "2168"]
[PlyCount "75"]
[EventDate "2013.??.??"]
[WhiteTeam "SK Ingolstadt"]
[BlackTeam "SK Kelheim 1920"]

1. d4 Nf6 2. c4 e6 3. Nf3 c5 4. d5 exd5 5. cxd5 g6 6. Nc3 d6 7. Nd2 Nbd7 8. Nc4
Nb6 9. e4 Bg7 10. Bf4 Nxc4 11. Bxc4 O-O 12. O-O a6 13. a4 Ng4 14. Be2 Ne5 15.
Qd2 Re8 16. Rae1 Qc7 17. h3 Rb8 18. Bh6 Bh8 19. f4 Nd7 20. e5 dxe5 21. d6 Qa5
22. Bc4 Nb6 23. Ba2 c4 24. f5 Nxa4 25. fxg6 hxg6 26. d7 Rd8 27. dxc8=Q Rbxc8
28. Qf2 f5 29. Nxa4 Qxa4 30. Bb1 Qd7 31. Qg3 Kh7 32. Qg5 Qe6 33. Rxf5 gxf5 34.
Bxf5+ Qxf5 35. Qxf5+ Kxh6 36. Re4 Rc6 37. Rh4+ Kg7 38. Rh7+ 1-0

[Event "2. Wittelsbacher Weihnachts-Schach-Open"]
[Site "Kelheim"]
[Date "2013.12.27"]
[Round "1.8"]
[White "Spieß, Martin"]
[Black "Kümpers, Ulrich"]
[Result "1-0"]
[WhiteElo "2147"]
[BlackElo "2011"]
[PlyCount "49"]
[EventDate "2013.??.??"]
[WhiteTeam "SK Ingolstadt"]
[BlackTeam "SC Tarrasch 45 München"]

1. e4 c6 2. d4 d5 3. e5 Bf5 4. c4 e6 5. Nc3 dxc4 6. Bxc4 Nd7 7. Nge2 Nb6 8. Bb3
Ne7 9. Ng3 Bg6 10. h4 h5 11. Bg5 Qd7 12. Qd2 Nf5 13. Nxf5 Bxf5 14. Rd1 Bb4 15.
a3 Ba5 16. O-O Nd5 17. Bxd5 cxd5 18. b4 Bb6 19. Qf4 O-O 20. Qg3 Rfc8 21. Ne2
Kh7 22. Nf4 g6 23. Bf6 Rg8 24. Qg5 Rac8 25. Nxh5 1-0

[Event "2. Wittelsbacher Weihnachts-Schach-Open"]
[Site "Kelheim"]
[Date "2013.12.27"]
[Round "1.9"]
[White "Heppert, Lars"]
[Black "Fuhrmann, Max"]
[Result "0-1"]
[WhiteElo "1927"]
[BlackElo "2130"]
[PlyCount "100"]
[EventDate "2013.??.??"]
[WhiteTeam "Schachklub 1872 im BSV Neuburg"]
[BlackTeam "SK Kelheim 1920"]

1. c4 Nf6 2. g3 g6 3. Bg2 Bg7 4. Nf3 O-O 5. O-O c6 6. d4 d5 7. b3 Nbd7 8. cxd5
cxd5 9. Bb2 Ne4 10. Nc3 Ndf6 11. Nd2 Nxc3 12. Bxc3 Qb6 13. e3 Bd7 14. Qc2 Rac8
15. Qb2 Rc7 16. Rfc1 Rfc8 17. b4 Bb5 18. a4 Bd3 19. Bf1 Bxf1 20. Kxf1 Qe6 21.
Kg1 Qf5 22. Nf1 Ne4 23. Be1 Ng5 24. Rxc7 Rxc7 25. Nd2 Rc2 26. Qb1 Rxd2 27. Qxf5
gxf5 28. Bxd2 Nf3+ 29. Kg2 Nxd2 30. b5 e6 31. a5 Bf8 32. a6 b6 33. Rc1 Nc4 34.
Rb1 Be7 35. Rb3 Nd6 36. f3 Kf8 37. h3 Bg5 38. f4 Be7 39. g4 fxg4 40. hxg4 f5
41. g5 Nc4 42. Kf2 Kg7 43. Ke2 h6 44. gxh6+ Kxh6 45. Kd3 Kh5 46. Rc3 Kg4 47.
Rxc4 dxc4+ 48. Kxc4 Kf3 49. Kd3 Bf6 50. Kc4 Ke4 0-1

[Event "2. Wittelsbacher Weihnachts-Schach-Open"]
[Site "Kelheim"]
[Date "2013.12.27"]
[Round "1.10"]
[White "Meulner, Klaus"]
[Black "Wltschek, Christian"]
[Result "1-0"]
[WhiteElo "2123"]
[BlackElo "1962"]
[PlyCount "57"]
[EventDate "2013.??.??"]
[WhiteTeam "SW Nürnberg Süd e.V."]
[BlackTeam "TSV Wacker Neutraubling"]

1. d4 Nf6 2. Bg5 Ne4 3. Bh4 d5 4. f3 Nf6 5. Nc3 Nc6 6. e4 dxe4 7. d5 Nb8 8.
fxe4 c6 9. Nf3 Qa5 10. Qd2 h6 11. Bg3 Bg4 12. Ne5 Bh5 13. Nc4 Qd8 14. Be2 Bg6
15. Bf3 e6 16. O-O-O Bb4 17. Qe3 Qc8 18. Bd6 cxd5 19. Bxb4 Qxc4 20. Rd4 Qc8 21.
exd5 a5 22. Bd6 Ra6 23. dxe6 b5 24. Be2 Rb6 25. Rhd1 fxe6 26. Bc5 Rb7 27. Nxb5
Rxb5 28. Bxb5+ Kf7 29. R4d2 1-0

[Event "2. Wittelsbacher Weihnachts-Schach-Open"]
[Site "Kelheim"]
[Date "2013.12.27"]
[Round "1.11"]
[White "Goderbauer, Benedikt"]
[Black "Kammer, Christoph"]
[Result "1-0"]
[WhiteElo "1760"]
[BlackElo "2004"]
[PlyCount "65"]
[EventDate "2013.??.??"]
[WhiteTeam "SC Moosburg 1956 e.V."]
[BlackTeam "TSV Nittenau"]

1. e4 e6 2. d4 d5 3. Nc3 Bb4 4. exd5 exd5 5. Qf3 Ne7 6. Bf4 O-O 7. Nge2 c5 8.
O-O-O Be6 9. dxc5 Bxc5 10. Kb1 Nbc6 11. h4 Qd7 12. h5 Rac8 13. h6 g6 14. Be3
Bxe3 15. Qxe3 Rfd8 16. Nd4 Nxd4 17. Qxd4 Nf5 18. Qe5 Qe7 19. Re1 d4 20. Nd1 Rc5
21. Qe4 Qf6 22. Bd3 Rd7 23. Qf4 Qd8 24. g4 Nh4 25. Qg3 g5 26. f3 Qf6 27. f4 Qd8
28. f5 Bd5 29. Be4 Bxe4 30. Rxe4 d3 31. cxd3 Qf8 32. Qe3 Ng2 33. Qxg5+ 1-0

[Event "2. Wittelsbacher Weihnachts-Schach-Open"]
[Site "Kelheim"]
[Date "2013.12.27"]
[Round "1.12"]
[White "Nussbaumer Johann"]
[Black "Strasser, Josef"]
[Result "1/2-1/2"]
[WhiteElo "2014"]
[BlackElo "1887"]
[PlyCount "39"]
[EventDate "2013.??.??"]
[WhiteTeam "ASK St. Valentin"]
[BlackTeam "Schach-Union München e.V."]

1. d4 Nf6 2. c4 e6 3. Nc3 d5 4. Bg5 Be7 5. Nf3 c6 6. e3 Nbd7 7. Qc2 h6 8. Bh4
b6 9. cxd5 exd5 10. Bd3 Bb7 11. O-O O-O 12. Rae1 c5 13. Nd2 Re8 14. h3 Ne4 15.
Bxe7 Qxe7 16. Nb5 Rec8 17. Nc3 Re8 18. Nb5 Rec8 19. Nc3 Re8 20. Nb5 1/2-1/2

[Event "2. Wittelsbacher Weihnachts-Schach-Open"]
[Site "Kelheim"]
[Date "2013.12.27"]
[Round "1.13"]
[White "Urban, Rudolf"]
[Black "Maurer, Heinrich"]
[Result "0-1"]
[WhiteElo "1932"]
[BlackElo "2115"]
[PlyCount "76"]
[EventDate "2013.??.??"]
[WhiteTeam "SC Roter Turm Altstadt"]
[BlackTeam "SK Kelheim 1920"]

1. d4 Nf6 2. Bf4 g6 3. Nf3 Bg7 4. Nbd2 O-O 5. e4 d6 6. Bd3 c5 7. c3 Nc6 8. dxc5
dxc5 9. Qe2 b6 10. O-O Bb7 11. Rad1 Qc8 12. h3 Nh5 13. Be3 e5 14. Bc4 Ne7 15.
Rfe1 a6 16. Bb3 b5 17. Bc2 Qc7 18. c4 b4 19. Nf1 Rfd8 20. Rxd8+ Rxd8 21. Rd1
Nf4 22. Rxd8+ Qxd8 23. Qd2 Qc7 24. Ng3 Ne6 25. Ne2 Nc6 26. b3 Ncd4 27. Bxd4
exd4 28. Bd3 Qe7 29. Nf4 Nxf4 30. Qxf4 h6 31. h4 a5 32. g4 Bc6 33. g5 h5 34.
Kg2 Kh7 35. Kg3 a4 36. Kg2 axb3 37. axb3 Bd7 38. Qc7 Bh3+ 0-1

[Event "2. Wittelsbacher Weihnachts-Schach-Open"]
[Site "Kelheim"]
[Date "2013.12.27"]
[Round "1.14"]
[White "Simons, Peter"]
[Black "Meul, Willi"]
[Result "1-0"]
[WhiteElo "1985"]
[BlackElo "1867"]
[PlyCount "41"]
[EventDate "2013.??.??"]
[WhiteTeam "Verein Rheinbacher Schachfreunde"]
[BlackTeam "SV 1925 Hürth-Berrenrath"]

1. d4 Nf6 2. c4 g6 3. Nc3 d5 4. cxd5 Nxd5 5. e4 Nxc3 6. bxc3 c5 7. Be3 Bg7 8.
Rc1 O-O 9. d5 Qa5 10. Qd2 b6 11. h4 h5 12. Be2 Ba6 13. g4 Bxe2 14. Nxe2 hxg4
15. Bh6 Nd7 16. h5 Ne5 17. Kf1 Nf3 18. Qf4 Bxh6 19. Qxh6 g5 20. Ng3 e6 21. Qf6
1-0

[Event "2. Wittelsbacher Weihnachts-Schach-Open"]
[Site "Kelheim"]
[Date "2013.12.27"]
[Round "1.15"]
[White "Schmidt, Franz"]
[Black "Watzenberger, Stefan"]
[Result "0-1"]
[WhiteElo "1880"]
[BlackElo "2044"]
[PlyCount "106"]
[EventDate "2013.??.??"]
[WhiteTeam "SK Abensberg"]
[BlackTeam "SC Sendling e.V."]

1. e4 c5 2. Nf3 d6 3. d4 cxd4 4. Nxd4 Nf6 5. Nc3 a6 6. Bg5 e6 7. f4 h6 8. Bh4
Be7 9. Qf3 Nbd7 10. O-O-O Qc7 11. g4 g5 12. fxg5 Ne5 13. Qg3 Nfxg4 14. g6 fxg6
15. Bxe7 Qxe7 16. Be2 O-O 17. Nf3 Nxf3 18. Bxf3 Ne5 19. Be2 Bd7 20. Qe3 Nf7 21.
Rhg1 Kh7 22. Qd4 Bc6 23. Bh5 Ne5 24. Be2 Rad8 25. Rg2 Rf4 26. Bd3 Qf6 27. Qe3
Rf3 28. Qb6 Rd7 29. Rdg1 Nxd3+ 30. cxd3 Rf1+ 31. Kc2 Rxg1 32. Qxg1 Rf7 33. Ne2
Qf1 34. Qxf1 Rxf1 35. Nd4 Bd7 36. Kb3 g5 37. Kc3 Kg6 38. Kd2 h5 39. Ke3 Rc1 40.
Rf2 e5 41. Nf5 Bxf5 42. exf5+ Kf6 43. Ke4 Rc5 44. b4 d5+ 45. Ke3 Rb5 46. a3 a5
47. bxa5 Rxa5 48. Rb2 b5 49. Rc2 Kxf5 50. Rc5 d4+ 51. Ke2 g4 52. a4 Rxa4 53.
Rxb5 Ra2+ 0-1

[Event "2. Wittelsbacher Weihnachts-Schach-Open"]
[Site "Kelheim"]
[Date "2013.12.27"]
[Round "1.16"]
[White "Winterholler, Christina"]
[Black "Schmitz, Björn"]
[Result "0-1"]
[WhiteElo "1955"]
[BlackElo "1742"]
[PlyCount "67"]
[EventDate "2013.??.??"]
[WhiteTeam "SK Ingolstadt"]
[BlackTeam "SV Saal/Donau e.V.SAbt"]

1. e4 d6 2. d4 Nf6 3. Nc3 g6 4. Nge2 Bg7 5. g3 O-O 6. Bg2 Nc6 7. h3 e5 8. Be3
a6 9. Qd2 Bd7 10. O-O exd4 11. Nxd4 Ne5 12. Qe2 Re8 13. f4 Nc6 14. Qf2 Nxd4 15.
Bxd4 c5 16. Bxf6 Bxf6 17. e5 Bg7 18. Kh2 dxe5 19. fxe5 Be6 20. Bxb7 Rb8 21. Bc6
Rf8 22. Qxc5 Qc7 23. Nd5 Bxd5 24. Qxd5 Bxe5 25. Rg1 Rxb2 26. Ba4 Rd8 27. Qg2
Qa5 28. Rae1 Qxa4 29. Rxe5 Qxa2 30. Rc1 Rc8 31. Re2 a5 32. Qe4 a4 33. Kh1 a3
34. Qg4 0-1

[Event "2. Wittelsbacher Weihnachts-Schach-Open"]
[Site "Kelheim"]
[Date "2013.12.27"]
[Round "1.17"]
[White "Beilschmidt, Eva"]
[Black "Zeindlmeier, Thomas"]
[Result "0-1"]
[WhiteElo "1891"]
[BlackElo "2033"]
[PlyCount "84"]
[EventDate "2013.??.??"]
[WhiteTeam "SK Kelheim 1920"]
[BlackTeam "SK Ingolstadt"]

1. d4 d5 2. Nf3 Nf6 3. Bg5 Ne4 4. Bf4 c5 5. e3 Qb6 6. Qc1 Nc6 7. c3 Bf5 8. Be2
e6 9. O-O Be7 10. Nbd2 Rc8 11. Nxe4 Bxe4 12. Qd2 c4 13. Ne5 f6 14. Nxc6 Rxc6
15. Bh5+ g6 16. Bd1 h5 17. f3 Bd3 18. Re1 g5 19. Bg3 h4 20. Bf2 Kf7 21. e4 a6
22. b3 Qc7 23. bxc4 Bxc4 24. Ba4 b5 25. Bc2 Rg8 26. Re3 Bd6 27. exd5 Bxh2+ 28.
Kh1 Bxd5 29. Qd3 f5 30. Bb3 Bxb3 31. axb3 Bf4 32. Rxe6 Rxe6 33. Qxf5+ Rf6 34.
Qh7+ Kf8 35. Qe4 Qxc3 36. Re1 Qc7 37. d5 Qf7 38. Bc5+ Kg7 39. Bd4 Rf8 40. Bxf6+
Qxf6 41. Qd3 Re8 42. Rd1 Re3 0-1

[Event "2. Wittelsbacher Weihnachts-Schach-Open"]
[Site "Kelheim"]
[Date "2013.12.27"]
[Round "1.18"]
[White "Blodig, Constantin"]
[Black "Schmitz, Marc"]
[Result "1-0"]
[WhiteElo "1932"]
[BlackElo "1732"]
[PlyCount "87"]
[EventDate "2013.??.??"]
[WhiteTeam "SK Kelheim 1920"]
[BlackTeam "SV Saal/Donau e.V.SAbt"]

1. e4 c5 2. Nc3 a6 3. a4 d6 4. g3 g6 5. Bg2 Bg7 6. d3 e6 7. f4 Ne7 8. Nf3 Nbc6
9. O-O Qc7 10. Be3 Nd4 11. Qd2 Bd7 12. Bf2 Nec6 13. Nxd4 Nxd4 14. Ra2 O-O 15.
Ne2 Nxe2+ 16. Qxe2 Bc6 17. c3 b6 18. Qd2 Qb7 19. b4 f5 20. b5 axb5 21. axb5
Bxb5 22. Rxa8 Rxa8 23. exf5 Bc6 24. Bxc6 Qxc6 25. fxe6 Qd5 26. Re1 b5 27. d4
Re8 28. Qe3 c4 29. g4 Bf6 30. Qe4 Qxe4 31. Rxe4 d5 32. Re2 Ra8 33. Rb2 Ra5 34.
Kg2 Kf8 35. f5 Ke7 36. Bg3 Ra3 37. Rxb5 Rxc3 38. Rb7+ Ke8 39. Bd6 Rb3 40. Rf7
Rb2+ 41. Kf3 Rb3+ 42. Ke2 Rb2+ 43. Kd1 Bxd4 44. Rf8# 1-0

[Event "2. Wittelsbacher Weihnachts-Schach-Open"]
[Site "Kelheim"]
[Date "2013.12.27"]
[Round "1.19"]
[White "Tautz, Helmut"]
[Black "Aigner, Georg"]
[Result "0-1"]
[WhiteElo "1526"]
[BlackElo "1896"]
[PlyCount "25"]
[EventDate "2013.??.??"]
[WhiteTeam "SK Kelheim 1920"]
[BlackTeam "TSV Dietfurt/Altm. e.V."]

1. e4 e5 2. Bc4 Bc5 3. Nf3 Nc6 4. d4 Bxd4 5. Nxd4 Nxd4 6. Qh5 Qf6 7. Bb3 d6 8.
Bg5 Qg6 9. Qxg6 hxg6 10. O-O Nf6 11. Nd2 Bd7 12. f4 Ng4 13. fxe5 0-1

[Event "2. Wittelsbacher Weihnachts-Schach-Open"]
[Site "Kelheim"]
[Date "2013.12.27"]
[Round "1.20"]
[White "Wieczorek, Heinz"]
[Black "Zankl, Stephan"]
[Result "1/2-1/2"]
[WhiteElo "1815"]
[BlackElo "1526"]
[PlyCount "38"]
[EventDate "2013.??.??"]
[WhiteTeam "SW Nürnberg Süd e.V."]
[BlackTeam "TSV Nittenau"]

1. e4 e5 2. Nf3 d6 3. d4 exd4 4. Nxd4 Be7 5. Nc3 Nf6 6. Be2 O-O 7. Be3 Bd7 8.
Qd2 Nc6 9. f3 Re8 10. g4 Kf8 11. g5 Ng8 12. h4 Qc8 13. Nxc6 bxc6 14. f4 Bd8 15.
O-O-O a5 16. f5 Rb8 17. Bc4 Qb7 18. Bb3 a4 19. Nxa4 Rxe4 1/2-1/2

[Event "2. Wittelsbacher Weihnachts-Schach-Open"]
[Site "Kelheim"]
[Date "2013.12.27"]
[Round "1.21"]
[White "Glück, Ulrich"]
[Black "Goderbauer, Josef"]
[Result "0-1"]
[WhiteElo "1723"]
[BlackElo "1703"]
[PlyCount "112"]
[EventDate "2013.??.??"]
[WhiteTeam "MSA Zugzwang 82 e.V."]
[BlackTeam "SC Moosburg 1956 e.V."]

1. d4 Nf6 2. c4 c5 3. d5 e6 4. Nc3 exd5 5. Nxd5 Nxd5 6. cxd5 d6 7. e4 g6 8. Nf3
Bg7 9. Bd3 O-O 10. O-O a6 11. a4 Bg4 12. h3 Bxf3 13. Qxf3 Nd7 14. Qg3 Qc7 15.
Bf4 Ne5 16. Rab1 c4 17. Bc2 b5 18. h4 h5 19. Bd2 Ng4 20. Bf4 Ne5 21. Bd2 Rab8
22. axb5 axb5 23. Bb4 Rfe8 24. b3 Ra8 25. Ra1 Nf3+ 26. Qxf3 Rxa1 27. Rxa1 Bxa1
28. g4 cxb3 29. Bxb3 Qc1+ 30. Kg2 hxg4 31. Qxg4 Be5 32. Bd1 Qf4 33. Qxf4 Bxf4
34. Kf3 Bh2 35. Be2 Kh7 36. Bd3 f6 37. Kg4 Rd8 38. h5 gxh5+ 39. Kxh5 Kg7 40.
Be2 Rc8 41. Bd3 Kf7 42. Ba5 Rb8 43. Bb4 Ke7 44. Kg4 Be5 45. f4 Bd4 46. Kf5 Rh8
47. Be2 Rh2 48. Bd3 Rb2 49. Be1 b4 50. Bb5 Rb1 51. Bd2 b3 52. Bb4 b2 53. e5
fxe5 54. fxe5 Bxe5 55. Ba3 Rf1+ 56. Bxf1 b1=Q+ 0-1

[Event "2. Wittelsbacher Weihnachts-Schach-Open"]
[Site "Kelheim"]
[Date "2013.12.27"]
[Round "1.22"]
[White "Stutz, Robert"]
[Black "Karl, Thomas"]
[Result "1-0"]
[WhiteElo "1859"]
[BlackElo "1495"]
[PlyCount "123"]
[EventDate "2013.??.??"]
[WhiteTeam "TSV Grossmehring"]
[BlackTeam "SK Kelheim 1920"]

1. e4 d5 2. exd5 Nf6 3. d4 e6 4. Bg5 h6 5. Bh4 g5 6. Bg3 exd5 7. h3 Nc6 8. c3
Bd6 9. Bd3 Bxg3 10. fxg3 Qe7+ 11. Ne2 Bd7 12. O-O O-O-O 13. Nd2 h5 14. Kh1 Ne4
15. Nb3 f5 16. Nc5 Nxc5 17. dxc5 Rdf8 18. Qc2 g4 19. h4 Qf7 20. Bb5 Rh6 21. b4
Re6 22. Rad1 a6 23. Ba4 Ne7 24. Bb3 Bb5 25. c4 dxc4 26. Bxc4 Bxc4 27. Qxc4 Re4
28. Qd3 Qc4 29. Qd7+ Kb8 30. Nf4 Nc6 31. Nd5 Rc8 32. Qxf5 Nxb4 33. Nxb4 Qxb4
34. Rb1 Qc4 35. Rfc1 Qe6 36. Qf1 Re2 37. c6 b6 38. Kh2 Rd8 39. Qf4 Rdd2 40.
Rxb6+ Kc8 41. Qf8+ Qe8 42. Qxe8+ Rxe8 43. Rxa6 Rb2 44. Ra8+ Rb8 45. Ra5 Rb2 46.
Rf1 Rb6 47. Rc5 Kd8 48. a4 Re6 49. Rxh5 Rbxc6 50. Rg5 Rg6 51. Rgf5 Rcd6 52. a5
Kc8 53. Rb1 Ra6 54. Kg1 Kd7 55. Rc5 Rgc6 56. Rd1+ Kc8 57. Rdc1 Rxc5 58. Rxc5
Kd7 59. Rg5 Ke7 60. Kf2 Rf6+ 61. Ke3 Rf8 62. Rxg4 1-0

[Event "2. Wittelsbacher Weihnachts-Schach-Open"]
[Site "Kelheim"]
[Date "2013.12.27"]
[Round "1.23"]
[White "Rohne, Niklas"]
[Black "Miethaner, Ulrich"]
[Result "1-0"]
[WhiteElo "1486"]
[BlackElo "1949"]
[PlyCount "125"]
[EventDate "2013.??.??"]
[WhiteTeam "SK Landau-Dingolfing"]
[BlackTeam "SC Bavaria Regensb.1881"]

1. c4 d5 2. cxd5 Qxd5 3. Nc3 Qd6 4. g3 e5 5. Bg2 Nc6 6. d3 Nf6 7. Nf3 Be7 8.
O-O O-O 9. Bg5 Be6 10. Bxf6 gxf6 11. Qd2 Kh8 12. Qh6 Rg8 13. Ne4 Qd8 14. Qe3
Nb4 15. Ne1 Nd5 16. Qc1 Qf8 17. Nc3 c6 18. a3 f5 19. Nxd5 cxd5 20. Qc7 Bd6 21.
Qxb7 Rb8 22. Qxa7 Rxb2 23. e3 f4 24. Nf3 fxe3 25. Qxe3 f6 26. a4 Qb8 27. Rfc1
Qb4 28. Qh6 Rg6 29. Qh4 Qb6 30. d4 e4 31. a5 Qb4 32. a6 exf3 33. Bxf3 Qd2 34.
Rf1 Ra2 35. a7 Qa5 36. Rxa2 Qxa2 37. Re1 Bd7 38. Bxd5 Qxa7 39. Be4 Qa5 40. Re3
f5 41. Bd3 Qa1+ 42. Kg2 Qa8+ 43. Kg1 Qf8 44. Rf3 Qc8 45. h3 Qc1+ 46. Kh2 Qg5
47. Qxg5 Rxg5 48. h4 Rg4 49. Bxf5 Bxf5 50. Rxf5 Rxh4+ 51. Kg2 Rxd4 52. Rf3 Kg7
53. Rf5 Kg6 54. Rf3 Rd5 55. Rc3 Kg5 56. Rc2 Rf5 57. Ra2 Bc5 58. Rc2 Rd5 59. Ra2
Kg4 60. Ra4+ Rd4 61. Rxd4+ Bxd4 62. f3+ Kf5 63. Kh3 1-0

[Event "2. Wittelsbacher Weihnachts-Schach-Open"]
[Site "Kelheim"]
[Date "2013.12.27"]
[Round "1.24"]
[White "Albrecht, Andreas"]
[Black "Krause, Karl-Heinz"]
[Result "1-0"]
[WhiteElo "1676"]
[BlackElo "1472"]
[PlyCount "145"]
[EventDate "2013.??.??"]
[WhiteTeam "Regensb. Turnerschaft"]
[BlackTeam "SK Landau-Dingolfing"]

1. d4 Nf6 2. Nf3 d5 3. e3 Bg4 4. h3 Bxf3 5. Qxf3 e6 6. c4 c6 7. Nc3 Bb4 8. Bd3
Qa5 9. Bd2 dxc4 10. Bxc4 Nd5 11. Bxd5 cxd5 12. a3 Qa6 13. Rc1 Bxc3 14. Rxc3 Nc6
15. Qe2 Qxe2+ 16. Kxe2 O-O 17. Rhc1 e5 18. dxe5 Nxe5 19. Rc7 b5 20. R1c5 a6 21.
Rxd5 Nc4 22. Bc3 Rfc8 23. Rdc5 Rxc7 24. Rxc7 h6 25. Rc5 f6 26. a4 Nd6 27. Rd5
Ne4 28. axb5 axb5 29. Rxb5 Ra2 30. Bd4 Kf7 31. f3 Nd6 32. Rb3 Nf5 33. Bc3 Ra1
34. Kf2 Rc1 35. Bd2 Rc2 36. Ke2 Ng3+ 37. Kd3 Rc6 38. Rb7+ Kg6 39. Rd7 h5 40. b4
Nf1 41. Rd4 Kf7 42. b5 Rb6 43. Kc4 Nxd2+ 44. Rxd2 Ke6 45. Kc5 Rb8 46. b6 g5 47.
Kc6 Rc8+ 48. Kb7 Rc3 49. Ra2 Kd7 50. e4 h4 51. Rd2+ Ke6 52. Kb8 f5 53. exf5+
Kxf5 54. Rd7 Ke6 55. Rc7 Re3 56. b7 Kd6 57. Rc2 Kd7 58. Rc5 Re2 59. Rxg5 Rc2
60. f4 Rc4 61. Rg4 Rc2 62. Rxh4 Rxg2 63. f5 Kc6 64. Rh6+ Kd7 65. f6 Rf2 66.
Rh7+ Ke6 67. f7 Ke7 68. h4 Rf3 69. h5 Rd3 70. h6 Ra3 71. Rg7 Kf8 72. h7 Rh3 73.
Rg8+ 1-0

[Event "2. Wittelsbacher Weihnachts-Schach-Open"]
[Site "Kelheim"]
[Date "2013.12.27"]
[Round "1.25"]
[White "Mühlich, Cornelius"]
[Black "Klimpel, Siegfried"]
[Result "1-0"]
[WhiteElo "1453"]
[BlackElo "1888"]
[PlyCount "81"]
[EventDate "2013.??.??"]
[WhiteTeam "SK Kelheim 1920"]
[BlackTeam "TSV Kareth-Lappersdorf"]

1. c4 e5 2. g3 c6 3. Bg2 d5 4. cxd5 cxd5 5. d3 Be6 6. Nf3 Nc6 7. e3 Nf6 8. O-O
Be7 9. b3 O-O 10. Bb2 Qc7 11. Nc3 Rfd8 12. Rc1 Rac8 13. Qe2 Qb8 14. Na4 Bg4 15.
Qd2 Bb4 16. Bc3 Be7 17. Qb2 Bxf3 18. Bxf3 d4 19. exd4 Nxd4 20. Bxd4 Rxd4 21.
Rxc8+ Qxc8 22. Re1 Bd6 23. Qe2 b5 24. Nb2 Qd8 25. Bg2 Qb6 26. Qc2 Qc7 27. Qxc7
Bxc7 28. Bc6 a6 29. Rc1 Bd6 30. Bb7 a5 31. Bc6 b4 32. Bb5 Rd5 33. Rc8+ Bf8 34.
Bc4 Rc5 35. Ra8 e4 36. dxe4 Nxe4 37. Na4 Re5 38. Nb6 Nf6 39. Ra7 h6 40. Rxf7
Nd5 41. Rd7 1-0